Horrid Henry - Statistics

General Stats
  • This quiz has been taken 660 times
  • The average score is 6 of 10
Answer Stats
Hint Answer % Correct
Horrid Henry
99%
Sour Susan
88%
Stuck up Steve
85%
Aerobic Al
81%
Moody Margret
74%
Greedy Graham
57%
Anixous Andrew
54%
Beefey Bert
44%
Babbling Bob
8%
Angry Anne
2%
No matching quizzes found
Score Distribution
Percent of People with Each Score
Percentile by Number Answered
Your Score History
You have not taken this quiz